<?xml version="1.0" encoding="UTF-8"?>
<record
    xmlns:xsi="http://www.w3.org/2001/XMLSchema-instance"
    xsi:schemaLocation="http://www.loc.gov/MARC21/slim http://www.loc.gov/standards/marcxml/schema/MARC21slim.xsd"
    xmlns="http://www.loc.gov/MARC21/slim">

  <leader>03416nam a22003257a 4500</leader>
  <controlfield tag="003">OSt</controlfield>
  <controlfield tag="005">20240826095226.0</controlfield>
  <controlfield tag="007">cr ||||||a|c|a</controlfield>
  <controlfield tag="008">240821s2020    mx ad||fom||| 001 0 spa d</controlfield>
  <datafield tag="040" ind1=" " ind2=" ">
    <subfield code="e">rda</subfield>
  </datafield>
  <datafield tag="100" ind1="1" ind2=" ">
    <subfield code="a">Mart&#xED;nez Ru&#xED;z, Merari</subfield>
    <subfield code="9">128889</subfield>
  </datafield>
  <datafield tag="245" ind1="1" ind2="0">
    <subfield code="a">Fuente de in&#xF3;culo primario y distribuci&#xF3;n regional de la intensidad de la marchitez y tiz&#xF3;n de la hoja de la fresa en el Valle de Zamora, Michoac&#xE1;n /</subfield>
    <subfield code="c">por Merari  Mart&#xED;nez Ru&#xED;z; director Angel Rebollar Alviter; asesora Hilda Victoria Silva Rojas: asesor Jos&#xE9; Luis Z&#xE1;rate Valdez; asesor Santos Gerardo Leyva Mir</subfield>
  </datafield>
  <datafield tag="264" ind1=" " ind2="1">
    <subfield code="a">Chapingo, M&#xE9;xico :</subfield>
    <subfield code="b">El autor,</subfield>
    <subfield code="c">2020.</subfield>
  </datafield>
  <datafield tag="300" ind1=" " ind2=" ">
    <subfield code="a">1 recurso en l&#xED;nea (89 p&#xE1;ginas):</subfield>
    <subfield code="b">Ilustraiones, cuadros, gr&#xE1;ficas, mapas</subfield>
  </datafield>
  <datafield tag="336" ind1=" " ind2=" ">
    <subfield code="2">rdacontent</subfield>
    <subfield code="a">texto</subfield>
    <subfield code="b">txt</subfield>
  </datafield>
  <datafield tag="337" ind1=" " ind2=" ">
    <subfield code="2">rdamedia</subfield>
    <subfield code="a">computadora</subfield>
    <subfield code="b">c</subfield>
  </datafield>
  <datafield tag="338" ind1=" " ind2=" ">
    <subfield code="2">rdacarrier</subfield>
    <subfield code="a">recurso en l&#xED;nea</subfield>
    <subfield code="b">cr</subfield>
  </datafield>
  <datafield tag="502" ind1=" " ind2=" ">
    <subfield code="b">MCPV</subfield>
    <subfield code="c">Parasitolog&#xED;a</subfield>
    <subfield code="d">2020</subfield>
    <subfield code="g">MAE</subfield>
  </datafield>
  <datafield tag="504" ind1=" " ind2=" ">
    <subfield code="a">Incluye referencias bibliogr&#xE1;ficas: p&#xE1;ginas 32-39, 74-77</subfield>
  </datafield>
  <datafield tag="505" ind1=" " ind2=" ">
    <subfield code="a">Contiene anexos de la p&#xE1;gina 78-89</subfield>
  </datafield>
  <datafield tag="520" ind1=" " ind2=" ">
    <subfield code="a">La fresa (Fragaria x ananassa Duch) es un cultivo de gran importancia en la zona de Zamora, Mich. La marchitez por hongos asociados a ra&#xED;z y corona es el principal problema en el cultivo causando hasta un 80% de p&#xE9;rdidas, sumando que la fuente de in&#xF3;culo de dichos pat&#xF3;genos es desconocida. Por tanto, se plante&#xF3; definir la fuente de inoculo primario y as&#xED; como la distribuci&#xF3;n regional de marchitez y tiz&#xF3;n de la hoja causado por Neopestalotiopsis rosae. Se muestrearon y procesaron plantas de parcelas de vivero, pre-transplante, comerciales y muestras de suelo en el ciclo 2019-2020. En la distribuci&#xF3;n regional (n=50 parcelas) se determin&#xF3; la mortalidad, severidad en planta y hoja. Los an&#xE1;lisis correspondientes se realizaron con el programa R, se hizo una interpolaci&#xF3;n mediante Krigging ordinario y se gener&#xF3; el mapa interpolativocorrespondiente. Se obtuvieron aislamientos de F. oxysporum, Neopestalotiopsis rosae, Cylindrocarpon y Alternaria principalmente, con diferencia en porcentaje de frecuencia en las etapas muestreadas. Definiendo como fuente de inoculo primario plantas de vivero confirmado por los an&#xE1;lisis filogen&#xE9;ticos realizados. En suelo se encontr&#xF3; que existe in&#xF3;culo suficiente (UFC gr-1) de F. oxysporum para el inicio de la enfermedad. Se identific&#xF3; tambi&#xE9;n a Pestalotiopsis paeoniicola, F. graminearum, y Parastagonospora nodorum en planta y suelo. Se comprob&#xF3; que la intensidad del marchitamiento de la planta estaba principalmente asociada a la planta (ra&#xED;z desnuda/cepell&#xF3;n) y a la variedad establecida. El an&#xE1;lisis del semivariograma y el kriging ordinario evidenciaron que la enfermedad se agregaba en los alrededores de los municipios de Zamora y Jacona. Estos resultados sentar&#xE1;n las bases para dise&#xF1;ar un plan regional de manejo de enfermedades en la zona de producci&#xF3;n de fresas en Michoac&#xE1;n, M&#xE9;xico.
</subfield>
  </datafield>
  <datafield tag="650" ind1=" " ind2="4">
    <subfield code="a">Fresa</subfield>
    <subfield code="x">Enfermedades por hongos</subfield>
    <subfield code="9">43203</subfield>
  </datafield>
  <datafield tag="650" ind1=" " ind2="4">
    <subfield code="a">Pudrici&#xF3;n de la ra&#xED;z</subfield>
    <subfield code="x">Fresa</subfield>
    <subfield code="9">92848</subfield>
  </datafield>
  <datafield tag="700" ind1="1" ind2=" ">
    <subfield code="a">Rebollar Alviter, Angel</subfield>
    <subfield code="9">94950</subfield>
    <subfield code="e">Director</subfield>
  </datafield>
  <datafield tag="700" ind1="1" ind2=" ">
    <subfield code="a">Silva Rojas, Hilda Victoria</subfield>
    <subfield code="9">188921</subfield>
    <subfield code="e">Asesor</subfield>
  </datafield>
  <datafield tag="700" ind1="1" ind2=" ">
    <subfield code="a">Z&#xE1;rate Valdez, Jos&#xE9; Luis</subfield>
    <subfield code="9">124127</subfield>
    <subfield code="e">Asesor</subfield>
  </datafield>
  <datafield tag="700" ind1="1" ind2=" ">
    <subfield code="a">Leyva Mir, Santos Gerardo</subfield>
    <subfield code="9">66581</subfield>
    <subfield code="e">Asesor</subfield>
  </datafield>
  <datafield tag="856" ind1=" " ind2=" ">
    <subfield code="u">http://10.13.5.2/tesis/tm/2020_PA_Martinez_Ruiz_Merari.pdf</subfield>
    <subfield code="z">DESCARGAR PDF</subfield>
  </datafield>
  <datafield tag="942" ind1=" " ind2=" ">
    <subfield code="2">Clasificaci&#xF3;n Universidad Aut&#xF3;noma Chapingo</subfield>
    <subfield code="c">TD</subfield>
  </datafield>
  <datafield tag="999" ind1=" " ind2=" ">
    <subfield code="c">220100</subfield>
    <subfield code="d">220100</subfield>
  </datafield>
  <datafield tag="952" ind1=" " ind2=" ">
    <subfield code="0">0</subfield>
    <subfield code="1">0</subfield>
    <subfield code="2">local</subfield>
    <subfield code="4">0</subfield>
    <subfield code="5">1</subfield>
    <subfield code="7">0</subfield>
    <subfield code="8">TesDigM</subfield>
    <subfield code="a">BD</subfield>
    <subfield code="b">BD</subfield>
    <subfield code="c">E_L</subfield>
    <subfield code="d">2024-08-21</subfield>
    <subfield code="l">0</subfield>
    <subfield code="o">Tesis digital</subfield>
    <subfield code="r">2024-08-21 15:10:34</subfield>
    <subfield code="w">2024-08-21</subfield>
    <subfield code="y">TD</subfield>
  </datafield>
</record>
